Music Quiz

Random Music or Album Quiz
Score 0/9 Timer 01:00
0 Plays Today
% Correct
19
91.1%
Sound of the Underground
89.3%
Spirit
89.1%
Gorillaz
86.6%
Boy in da Corner
85.8%
Back to Bedlam
82.9%
Sigh No More
76.8%
Antidotes
70.9%
These Streets
62.6%
Remove Ads.
Support Sporcle.
Get the best of Sporcle when you Go Orange. This ad-free experience offers more features, more stats, and more fun while also helping to support Sporcle. Thank you for becoming a member.

You're not logged in!

Compare scores with friends on all Sporcle quizzes.
OR
Log In

Sporcle TV

Today on Sporcle TV


Watch our educational content, quiz creation guides, and fun videos on Sporcle TV.

Show Comments

Extras

Top Quizzes Today


Score Distribution

Paid Content

Your Account Isn't Verified!

In order to create a playlist on Sporcle, you need to verify the email address you used during registration. Go to your Sporcle Settings to finish the process.

Report this User

Report this user for behavior that violates our Community Guidelines.

Details: